000 01806cam a22004697a 4500
001 000095074
003 CHAP
005 20220329143055.0
008 051214d2005 mx ad r 00110 spa d
010 _a91540
011 _a92512
035 _a103076
040 _cCHAP
090 _aTesis
100 0 0 _aCaballero Cárdenas, José Luis.
_916546
245 1 0 _aEtiología de enfermedades transmitidas por semilla en tomate de cáscara (Physalis ixocarpa Brot) en el estado de Guanajuato /
_c/por José Luis Caballero Cárdenas.
260 _aChapingo, Méx. :
_bEl autor,
_c2005.
300 _a63 h. :
_bilus. ; gráfs. ; cuadros.
502 _aTesis (M. C. en Protección Vegetal) -- UACH. Departamento de Parasitología Agrícola
590 _aALEPH
_b10
_c20130110
_lUCH01
_h1508
590 _aBATCH-UPD
_b10
_c20130110
_lUCH01
_h0334
590 _aBATCH-UPD
_b10
_c20130110
_lUCH01
_h2043
590 _aBATCH-UPD
_b10
_c20130410
_lUCH01
_h0007
590 _aBATCH-UPD
_b10
_c20130914
_lUCH01
_h0800
590 _aBATCH-UPD
_b10
_c20140324
_lUCH01
_h1453
590 _aBATCH-UPD
_b10
_c20141002
_lUCH01
_h0828
590 _aBATCH
_b00
_c20181121
_lUCH01
_h0759
590 _aCONVERSION
_b10
_c20130109
_lUCH01
_h1351
590 _aE792CSJ
_b10
_c20130617
_lUCH01
_h0918
650 1 4 _aSemillas
_xEnfermedades.
_9103898
650 1 4 _aTomate verde
_xEnfermedades.
_9113810
650 1 4 _aTomate verde
_xSemilla.
_9113836
650 1 4 _aTomate verde
_zGuanajuato.
_9113842
856 _3Finding aid
_uhttp://10.13.5.2/tesis/103076.pdf
_zTeclea aquí
856 _a1
_n0001080
901 _aBK
905 _aMarco A. Mendoza T.
942 _cCD
942 _n0
949 _aTesis
_bBC
_cTES
_d1030761
_eTS1
_gDonaciØn
_h44465
_i103076
_sb
949 _aTesis
_bBC
_cTES
_d33724000967626
_eTS2
_fc.2
_gDonaciØn
_h44466
_i103076
_sb
999 _c91540
_d91540